La Nova Andorra : publicació mensual patrocinada pel Centre Andorrà publicació mensual patrocinada pel Centre Andorrà
Descripción Física:
1 vol. ; periodicitat: mensual ; 25 cm
MARC
| LEADER | 00000nas a2200000 a 4500 | ||
|---|---|---|---|
| 001 | 28745 | ||
| 003 | AGDB | ||
| 005 | 20260324180135.0 | ||
| 008 | 160829s1933 xx 000 0 cat d | ||
| 245 | |a La Nova Andorra : |b publicació mensual patrocinada pel Centre Andorrà | ||
| 260 | |a Barcelona : |b Centre Andorrà ; |b Imprenta Cusó ; |c [1932- ] | ||
| 300 | |a 1 vol. ; |b periodicitat: mensual ; |c 25 cm | ||
| 310 | |a Mensual | ||
| 500 | |a Descripció basada en: Any 2, vol. 1, núm. 10 (maig 1933). | ||
| 500 | |a Prové de 4157, exp. 126. | ||
| 610 | 2 | 0 | |a Societat Andorrana de Residents a Barcelona |v Revistes |9 71865 |
| 651 | 0 | |a Andorra |v Revistes |9 71866 | |
| 655 | 0 | |a Revistes |9 55823 | |
| 710 | 2 | |a Societat Andorrana de Residents a Barcelona |9 71864 | |
| 866 | |a Any 2, 1933 (vol. 1, núm. 10) | ||
| 901 | |a Arxiu | ||
| 942 | |n 1 |2 udc |c REV | ||
| 952 | |0 0 |1 0 |4 0 |6 REV2378 |7 1 |9 53995 |a Arxiu |b Arxiu |d 2025-11-30 |h Any 2, (vol. 1, núm. 10 maig 1933) |l 0 |o Rev-2378 |p 28745 |r 2016-12-01 00:00:00 |w 2016-12-01 |y ARXIU | ||
| 999 | |c 57863 |d 57863 | ||